Statistiken für Indigene Völker

Klicken Sie hier um das Quiz zu spielen!

Allgemein

  • Dieses Quiz wurde 61 mal gespielt
    (44 seit der letzten Aktualisierung)
  • Das Durchschnittsergebnis liegt bei 8 aus 16

Antwortstatistiken

Antwort% Korrekt
Indianer
95%
Roma
84%
Maori
78%
Kurden
73%
Samen
70%
Aborigines
68%
Kelten
65%
Basken
62%
Friesen
59%
Maya
57%
Krimtataren
22%
Ainu
14%
Kaschuben
8%
Quechua
8%
Hmong
0%
Russinen
0%

Verteilung der Resultate

Perzentil nach korrekt beantworteten Fragen

Anzahl Personen mit jedem Resultat

Ihre Resultats-Entwicklung

Sie haben dieses Quiz seit der letzten Aktualisierung nicht gespielt